Bursa yerel yönetim programı (Record no. 7402)

MARC details
000 -BAŞLIK
Sabit Uzunlukta Kontrol Alanı 00950na a2200301 4500
001 - KONTROL NUMARASI
Denetim Alanı 22451
003 - KONTROL NUMARASI IDENTIFIER
Denetim Alanı MIRAKIL
005 - SON İŞLEM TARİHİ VE ZAMANI
Denetim Alanı 20181213155137.0
008 - SABİT-BOY VERİ ELEMANLARI - GENEL BİLGİLER
Sabit Uzunlukta Kontrol Alanı 170214b tu 000 0
035 ## - SİSTEM KONTROL NUMARASI
Sistem Kontrol Numarası 20021
040 ## - KATALOGLAMA KAYNAK
Orijinal Kataloglama Ajansı Milas
Kataloglama Dili tur
Metne Dönüştürmek Ajansı TR-AnCHP
041 ## - DİL KODU
Metin / Ses Parça Veya Ayrı Başlığın Dil Kodu tur
090 ## - SINIFLAMA NUMARASI
Sınıflama Numarası SODEP
110 ## - ANA GİRİŞ - KURUMSAL ADI
Giriş Elemanı Olarak Kurumsal Ad Veya Yargı Alanı Adı Sosyal Demokrasi Partisi (SODEP)
245 ## - BAŞLIK TABLOSU
Başlık Bursa yerel yönetim programı
Sorumluluk Tablosu, Vb Sosyal Demokrasi Partisi
246 ## - UNVAN FORM VARYING
Başlık Doğru / Kısa Başlığı SODEP bursa yerel yönetim
246 ## - UNVAN FORM VARYING
Başlık Doğru / Kısa Başlığı Yerel yönetim
260 ## - YAYIN, DAĞITIM, VB
Yayın, Dağıtım, Vb Yeri Ankara
Yayıncı, Dağıtıcı, Vs Adı [SODEP]
Yayın, Dağıtım, Vb Tarihi [t.y.]
300 ## - FİZİKSEL TANIM
Kapsam 24 s.
Boyutlar 20 sm.
500 ## - GENEL NOT
Genel Not Dış kapakta EVET yazısı bulunmaktadır.
500 ## - GENEL NOT
Genel Not İç kapakta 'Amblemimiz zeytin dalı liderimiz İnönü başkanımız aşan' yazmaktadır
610 ## - KONU KATMA GİRİŞ - TOPLANTI ADI
Giriş Elemanı Olarak Kurumsal Ad Veya Yargı Alanı Adı Sosyal Demokrasi Partisi (SODEP)
Genel Alt Bölüm Yerel yönetim
-- Programlar
Coğrafi Alt Bölüm Bursa
651 ## - KONU KATMA GİRİŞ - COĞRAFİ ADI
Coğrafi İsim Türkiye
Genel Alt Bölümü Siyaset ve yönetim
830 ## - SERİSİ EKLENDİ GİRİŞ - ÜNİFORM ADI
Üniforma Başlık SODEP tüzükleri
942 ## - EKLENDİ GİRİŞ ELEMANLARI (KOHA)
Sınıflandırma Veya Raf Düzeni Kaynak Dewey Decimal Classification
Koha Öğesi Türü Books
999 ## - SİSTEM KONTROL NUMARALARI (KOHA)
Koha Biblionumber 7402
Koha Biblioitemnumber 7402
657 ## - INDEX SÜRE - İŞLEVİ
-- SODEP tüzük
Holdings
Kullanım Kısıtlamaları Kalıcı Konum Mevcut Konum Edinme Tarihi Edinim Kaynak Kodlu Konum Eleme Toplam Check-Out'Lar Tam Çağrı Numarası Barkod Tarih Son Görülme İtibaren Geçerli Fiyatlar Koha Öğesi Türü
Kütüphane dışına çıkarılamaz CHP Kütüphanesi CHP Kütüphanesi 02/14/2017 Bağış SODEP   SODEP 014279 02/14/2017 02/14/2017 Books